000 00619nam a2200193Ia 4500
003 GCL
008 140319s9999 xx 000 0 ara d
040 _aGCL /
_cGCL
082 0 4 _aط
_b239
_bس خ
100 1 _aعبدالتواب يوسف
245 1 0 _aخاتم النبيين (1 - 12) /
_cعبدالتواب يوسف
700 1 _aعادل البطراوى
260 _a[S.N] :
_bدار الكتاب المصرى ،
_c1990
490 _aقصص الانبياء للابناء
_v0
650 0 4 _aالسيرة النبوية
650 0 4 _aالاطفال
650 0 4 _aالقصص الدينية
942 _2ddc
_cBK
999 _c57187
_d57187